[Event "Titled Tue 18th Apr Late"]
[Site "chess.com INT"]
[Date "2023.04.18"]
[Round "11"]
[White "Nakamura, Hi"]
[Black "Deac, Bogdan-Daniel"]
[Result "1-0"]
[WhiteElo "2775"]
[BlackElo "2700"]
[PlyCount "79"]
[EventDate "2023.04.18"]

1. Nf3 d5 2. e3 c5 3. b3 a6 4. Bb2 Nc6 5. d4 cxd4 6. Nxd4 Nf6 7. Nxc6 bxc6 8. Nd2 e6 9. c4 Bd6 10. Be2 e5 11. O-O O-O 12. Qc2 ({RR} 12. cxd5 cxd5 13. Rc1 Bb7 14. Nf3 Qe7 15. Qc2 Rfe8 16. Qf5 Ne4 17. Qh5 g6 18. Qh6 f6 19. Rfd1 Rac8 20. Qh3 Ba3 21. Bxa3 Qxa3 22. Qd7 Qb4 23. Rxc8 Rxc8 24. Qe6+ Kf8 25. h3 Qd6 26. Qxd6+ Nxd6 {Theodorou,N (2611)-Niemann,H (2734) chess.com INT 2025 0-1 (90)}) 12... Qe7 $146 ({RR} 12... Be6 13. Rfd1 Qe7 14. Rac1 Nd7 15. Nb1 Nf6 16. Nc3 Rfd8 17. Na4 {½-½ (17) Moehn,H (2381)-Kononenko,D (2616) Marianske Lazne 2017}) 13. Rfd1 Bb7 14. Rac1 a5 15. Nf3 Rfd8 16. Qb1 Ba6 17. Rc2 Bc8 18. Qa1 Bf5 19. Rcc1 Bg4 20. h3 Bh5 21. Rc2 Bg6 22. Rcc1 Bh5 23. cxd5 cxd5 24. Rc2 Bg6 25. Rcd2 d4 26. exd4 Ne4 27. dxe5 Nxd2 28. exd6 Rxd6 29. Re1 Re8 30. Ne5 Qb7 31. Bc3 a4 32. bxa4 Ne4 33. Bf3 Rde6 34. a5 f5 35. Bd1 Nxc3 36. Qxc3 Kh8 37. Bb3 R6e7 38. Qd4 f4 39. Qxf4 Qa6 40. Nxg6+ 1-0

[Event "II Sunway Formentera Open"]
[Site "Sant Ferran de ses Roques ESP"]
[Date "2023.04.26"]
[Round "8.6"]
[White "Jacobson, Brandon"]
[Black "Xu, Yi"]
[Result "1-0"]
[WhiteElo "2556"]
[BlackElo "2505"]
[PlyCount "103"]
[EventDate "2023.04.18"]

1. Nf3 d5 2. e3 Nf6 3. c4 e6 4. Nc3 b6 5. cxd5 exd5 6. g3 Bd6 7. Bg2 O-O 8. O-O Re8 9. Re1 ({RR} 9. b3 Nbd7 10. Bb2 Ba6 11. d3 Nc5 12. Ne1 c6 13. b4 Ne6 14. b5 cxb5 15. Nxd5 Nxd5 16. Bxd5 Rc8 17. e4 Qe7 18. Nc2 Bc5 19. d4 Bb4 20. Qd3 Red8 21. Ne3 Qd7 22. Rac1 Bf8 23. f4 Bb7 {Willems,N (2394)-Royal,S (2465) Reykjavik ISL 2025 0-1 (62)}) 9... Nbd7 ({RR} 9... a5 10. b3 Ba6 11. Bb2 Nbd7 12. d3 Nc5 13. Bf1 Qd7 14. Rc1 Qf5 15. Nd4 Qd7 16. Rc2 Bf8 17. a3 Rad8 18. b4 axb4 19. axb4 Ne6 20. Nxe6 fxe6 21. b5 Bb7 22. d4 c5 23. bxc6 Bxc6 24. Qc1 {Wang Yue (2654)-Xu,Y (2495) Qingdao CHN 2024 ½-½ (47)}) 10. d3 Bb7 ({RR} 10... Ba6 11. e4 dxe4 12. dxe4 Ne5 13. Nxe5 Bxe5 14. Bf4 Qd6 15. Qa4 Bb7 16. Rad1 Qc5 17. Bxe5 Rxe5 18. Qd4 Qxd4 19. Rxd4 Kf8 20. f4 Rc5 21. Re2 Ng8 22. Red2 Ke8 23. Bh3 Bc6 24. R2d3 a5 25. a3 {Keymer,V (2696)-Ding Liren (2811) Wijk aan Zee NED 2023 ½-½ (58)}) 11. b3 Ne5 $146 ({RR} 11... c5 12. Bb2 Rc8 13. d4 Nf8 14. Re2 c4 15. Nd2 cxb3 16. Qxb3 Bb8 17. Ree1 Ne6 18. a4 a6 19. Rec1 h5 20. Nf3 Ne4 21. h4 Nf6 22. Ng5 Rc4 23. Nxe6 Rxe6 24. e4 Rxc3 25. Bxc3 dxe4 26. d5 {Keymer,V (2738)-Ding Liren (2762) Karlsruhe GER 2024 1-0 (37)}) 12. Bb2 a6 13. Nxe5 Bxe5 14. Na4 Bxb2 15. Nxb2 Qd6 16. Rc1 Re7 17. Re2 Rae8 18. Rec2 h5 19. d4 g6 20. Qf3 c5 21. Qd1 Ne4 22. dxc5 bxc5 23. Bxe4 Rxe4 24. Na4 d4 25. Nxc5 Qd5 26. Nxb7 Qxb7 27. Rc7 Qd5 28. R1c4 Rd8 29. Rxd4 Rxd4 30. Qxd4 Qxd4 31. exd4 Rxd4 32. Rc5 Kg7 33. Kg2 Rd6 34. b4 Kf6 35. a3 Ke6 36. Kf1 Ke7 37. Ke2 Ke6 38. h4 Ke7 39. f3 Ke6 40. Ke3 Ke7 41. Ke4 f5+ 42. Ke3 Kf6 43. f4 Ke6 44. Rc4 Rb6 45. Kd4 Kd7 46. Kc3 Kd6 47. Rc5 Rb8 48. Kb3 Re8 49. Rc3 Kd5 50. Ka4 Re6 51. Ka5 Kd4 52. Rc8 1-0

[Event "II Sunway Formentera Open"]
[Site "Sant Ferran de ses Roques ESP"]
[Date "2023.04.27"]
[Round "9.5"]
[White "Mendonca, Leon Luke"]
[Black "Peralta, Fe"]
[Result "1-0"]
[WhiteElo "2596"]
[BlackElo "2592"]
[PlyCount "125"]
[EventDate "2023.04.18"]

1. Nf3 Nf6 2. g3 b6 3. Bg2 Bb7 4. O-O e6 5. c4 Be7 6. Nc3 O-O 7. Re1 Ne4 8. Nxe4 Bxe4 9. d3 Bb7 10. e4 c5 11. d4 cxd4 12. Nxd4 Nc6 13. Nb5 ({RR} 13. b3 Bb4 14. Bd2 Bxd2 15. Qxd2 Nxd4 16. Qxd4 Qe7 17. Rad1 Rad8 18. Qd6 Rfe8 19. e5 Bxg2 20. Kxg2 Qxd6 21. Rxd6 f6 22. Red1 Re7 23. exf6 gxf6 24. g4 Kf7 25. f4 Rg8 26. Kf3 Ke8 27. f5 exf5 {Muthaiah,A (2474)-Pribelszky,B (2399) Budapest HUN 2025 ½-½ (73)}) 13... Ne5 14. b3 f6 15. Be3 $146 ({RR} 15. Bb2 a6 16. Nc3 Qc7 17. Qe2 Bc6 18. a4 Bb4 19. Rac1 Bb7 20. Red1 Rad8 21. h3 Qb8 22. Kh2 Nf7 23. Rc2 Bc6 24. Na2 Be7 25. Rcd2 b5 26. cxb5 axb5 27. a5 b4 28. Bd4 Qa8 29. Bb6 Rc8 {Bu,X (2729)-Rapport,R (2736) Hengshui 2019 0-1 (56)}) 15... a6 16. Nd6 Bc6 17. Qd4 Ng4 18. Rad1 Nxe3 19. Qxe3 Qc7 20. e5 Bxg2 21. Kxg2 fxe5 22. Qxe5 Qc6+ 23. Kg1 b5 24. c5 b4 25. Rd3 a5 26. Rc1 Ra6 27. Qe4 Bxd6 28. Qxc6 Rxc6 29. Rxd6 Rfc8 30. Rxd7 Rxc5 31. Rd8+ Rxd8 32. Rxc5 a4 33. bxa4 Rd2 34. Rb5 Rb2 35. Kg2 Kf7 36. h4 h5 37. Kf3 Kf6 38. Ke3 e5 39. f3 g6 40. Ke4 Re2+ 41. Kd5 Rxa2 42. Rxb4 Ra3 43. Ke4 Ra1 44. Kd5 Ra3 45. f4 exf4 46. Rxf4+ Kg7 47. Kc5 Rxg3 48. a5 g5 49. hxg5 Kg6 50. Rf8 Ra3 51. Kb4 Ra1 52. Rg8+ Kh7 53. Ra8 h4 54. Ra6 Kg7 55. Rh6 Rh1 56. Kb5 h3 57. Kb6 h2 58. Ka6 Kf7 59. Rf6+ Kg7 60. Rf2 Kg6 61. Rg2 Kf7 62. Rb2 Kg6 63. Kb6 1-0

[Event "Sunway Formentera TB 1-4"]
[Site "Sant Ferran de ses Roques ESP"]
[Date "2023.04.28"]
[Round "2.3"]
[White "Mendonca, Leon Luke"]
[Black "Pranav, V."]
[Result "1-0"]
[WhiteElo "2596"]
[BlackElo "2545"]
[PlyCount "109"]
[EventDate "2023.04.28"]
[EventType "k.o."]

1. Nf3 Nf6 2. g3 d5 3. Bg2 c6 4. O-O Bg4 5. d3 Nbd7 6. h3 Bxf3 7. Bxf3 e5 8. Bg2 ({RR} 8. e4 dxe4 9. dxe4 Bc5 10. Bg2 O-O 11. a4 a5 12. Nd2 b5 13. Qe2 Qb8 14. h4 Rd8 15. Bh3 Be7 16. Nb3 Nc5 17. Nxc5 Bxc5 18. Bg5 Be7 19. b3 h6 20. Bd2 Qb6 21. Rfd1 Bc5 22. Be1 Rxd1 {Caruana,F (2795)-So,W (2773) Saint Louis 2016 1-0 (39)}) ({RR} 8. e4 dxe4 9. dxe4 Bc5 10. Nd2 O-O 11. a4 a5 12. Qe2 Qe7 13. Nc4 Rfd8 14. Kg2 Nf8 15. Bd2 Ne6 16. Bxa5 Nd4 17. Bxd8 Rxd8 18. Qd3 Nf5 19. Qc3 Nd4 20. Rad1 Ra8 21. b3 g6 22. a5 h5 {Gukesh,D (2736)-Pranav,V (2608) chess.com INT 2023 1-0 (51)}) 8... Bc5 9. e3 ({RR} 9. e4 dxe4 10. dxe4 O-O 11. Nd2 a5 12. a4 Qe7 13. Nb3 Bb6 14. Qe2 Nc5 15. Nxc5 Bxc5 16. Rd1 Rfd8 17. Bd2 Qe6 18. Be1 h5 19. Rxd8+ Rxd8 20. Bxa5 Ra8 21. Be1 g6 22. b4 Ba7 23. Rd1 Ne8 {Bosiocic,M (2563)-Kuybokarov,T (2602) chess.com INT 2024 ½-½ (45)}) 9... O-O 10. b3 Re8 $146 ({RR} 10... Qe7 11. Bb2 a5 12. a4 Rfe8 13. Nd2 Rad8 14. Qe2 Bb4 15. Nf3 e4 16. Nd4 Ne5 17. g4 g6 18. Rad1 h6 19. f4 exf3 20. Nxf3 Ned7 21. Bc1 Nh7 22. Qf2 Ng5 23. h4 Nxf3+ 24. Bxf3 Qe6 25. Kh1 {Dubov,D (2614)-Oparin,G (2517) Caleta 2014 ½-½ (43)}) 11. Bb2 a5 12. a3 Bf8 13. Nd2 h5 14. c4 Nc5 15. Qc2 d4 16. exd4 exd4 17. Rae1 h4 18. g4 Ne6 19. Nf3 Bc5 20. Qc1 Qc7 21. Nxh4 Nf4 22. Qd2 g6 23. Nf3 Qd6 24. Bc1 Ne6 25. Ne5 Bxa3 26. Bxa3 Qxa3 27. f4 Qb4 28. Qf2 Ng7 29. Qh4 Nh7 30. f5 g5 31. Qg3 Qd6 32. c5 Qc7 33. f6 Ne6 34. Rf5 Nxc5 35. h4 a4 36. b4 Nd7 37. hxg5 Nxe5 38. Rfxe5 Rxe5 39. Rxe5 a3 40. Re8+ Rxe8 41. Qxc7 a2 42. g6 a1=Q+ 43. Kh2 Ng5 44. Qf4 Qe1 45. Qxg5 Qe5+ 46. Qxe5 Rxe5 47. Be4 Rb5 48. Kg3 Rxb4 49. Kf4 Rb1 50. g5 Rf1+ 51. Ke5 fxg6 52. Bxg6 b5 53. Be4 c5 54. g6 c4 55. Bd5+ 1-0

[Event "Satty Zhuldyz Blitz 2023"]
[Site "Astana KAZ"]
[Date "2023.04.25"]
[Round "12.3"]
[White "Grischuk, A."]
[Black "Keymer, Vincent"]
[Result "1-0"]
[WhiteElo "2745"]
[BlackElo "2700"]
[PlyCount "125"]
[EventDate "2023.04.24"]
[EventType "blitz"]

1. Nf3 d5 2. g3 Bg4 3. Bg2 c6 4. h3 Bh5 5. O-O Nd7 6. d4 Ngf6 7. c4 e6 8. cxd5 exd5 ({RR} 8... cxd5 9. Qb3 Qb6 10. Nc3 Be7 11. Ne5 Qxb3 12. axb3 a6 13. g4 Bg6 14. g5 Nh5 15. Nxg6 hxg6 16. e4 dxe4 17. d5 exd5 18. Nxd5 Bd6 19. Be3 f5 20. gxf6 Ndxf6 21. Rfd1 O-O-O 22. Ra5 Bc7 23. Ne7+ {Giri,A (2790)-Eljanov,P (2765) Shamkir 2016 ½-½ (42)}) 9. Ne5 Ne4 10. Nd2 ({RR} 10. Nc3 Nxc3 11. bxc3 f6 12. g4 fxe5 13. gxh5 Bd6 14. Rb1 O-O 15. e4 Nb6 16. a4 dxe4 17. a5 Nd5 18. Rxb7 Qc8 19. a6 Kh8 20. h6 gxh6 21. dxe5 Bxe5 22. Qh5 Qe6 23. Qxh6 Qxh6 24. Bxh6 Rg8 {Wadsworth,M (2450)-Royal,S (2457) Peterborough ENG 2024 ½-½ (114)}) ({RR} 10. Bxe4 dxe4 11. Nc3 Be7 12. Bf4 f6 13. Nc4 Bf7 14. d5 Nc5 15. d6 Bxc4 16. dxe7 Qxd1 17. Rfxd1 b6 18. Rd4 Be6 19. b4 Nb7 20. Rxe4 Kxe7 21. b5 Rac8 22. bxc6 Rxc6 23. Nb5 Nc5 24. Re3 a6 {Grandelius,N (2657)-Keymer,V (2698) chess.com INT 2022 1-0}) 10... f5 $146 ({RR} 10... Nxd2 11. Bxd2 Be7 12. g4 Bg6 13. f4 Be4 14. Bxe4 dxe4 15. Qb3 O-O 16. Ba5 Qc8 17. Qc2 Nf6 18. g5 Qxh3 19. gxf6 gxf6 20. Qxe4 fxe5 21. Rf2 f5 22. Qg2+ Qxg2+ 23. Rxg2+ Kf7 24. dxe5 Bc5+ 25. Kh2 {Hakobyan,A (2588)-Quesada Perez,Y (2598) Chesterfield 2020 ½-½ (37)}) 11. Nxe4 fxe4 12. Bf4 Be7 13. f3 exf3 14. exf3 O-O 15. Qd2 Nxe5 16. Bxe5 Qb6 17. f4 Bf6 18. Rae1 Rae8 19. Kh2 Bg6 20. g4 Be4 21. Bxe4 dxe4 22. Rxe4 Qb5 23. Rfe1 Qd5 24. b3 Bxe5 25. Rxe5 Rxe5 26. Rxe5 Qf3 27. f5 h5 28. Qe3 hxg4 29. Qxf3 gxf3 30. Kg3 Kf7 31. Kxf3 Rd8 32. Re4 Rd5 33. Kg4 a6 34. h4 Ra5 35. a4 Rd5 36. h5 Kf6 37. Re6+ Kf7 38. Re4 Kf6 39. Re6+ Kf7 40. Kg5 Rxd4 41. h6 Rd1 42. hxg7 Rg1+ 43. Kf4 Rxg7 44. Rd6 Ke8 45. Rd3 Rg1 46. Ke5 Ke7 47. f6+ Ke8 48. Kd6 Rf1 49. Kc7 b5 50. Rd6 c5 51. Rxa6 c4 52. bxc4 bxc4 53. Rc6 c3 54. Rxc3 Rxf6 55. Re3+ Kf7 56. a5 Kg6 57. Rd3 Rf7+ 58. Rd7 Rf1 59. a6 Ra1 60. Kb7 Rb1+ 61. Kc8 Rc1+ 62. Rc7 Rb1 63. a7 1-0

[Event "Satty Zhuldyz Blitz 2023"]
[Site "Astana KAZ"]
[Date "2023.04.25"]
[Round "17.6"]
[White "Kramnik, V."]
[Black "Keymer, Vincent"]
[Result "1-0"]
[WhiteElo "2753"]
[BlackElo "2700"]
[PlyCount "77"]
[EventDate "2023.04.24"]
[EventType "blitz"]

1. Nf3 d5 2. g3 Nf6 3. Bg2 c5 4. O-O e6 5. b3 Be7 6. Bb2 O-O 7. e3 b5 8. c4 bxc4 9. bxc4 Nc6 10. cxd5 exd5 11. Ne5 $146 ({RR} 11. Nc3 Rb8 12. Rb1 Bf5 13. d3 c4 14. Ne1 Qa5 15. e4 Bg4 16. Qc1 d4 17. Nd5 c3 18. Ba1 Nxd5 19. exd5 Nb4 20. Qf4 Be2 21. a3 Nxd5 22. Qxb8 Rxb8 23. Rxb8+ Bf8 24. Nc2 Bxf1 25. Kxf1 Nb6 {Donchenko,A (2630)-Salem,A (2679) Chess.com INT 2022 0-1 (34)}) 11... Bb7 12. Nxc6 Bxc6 13. Qc2 Qd6 14. d4 c4 15. Ba3 Qe6 16. Bxe7 Qxe7 17. Nc3 g6 18. Rab1 Rab8 19. Bf3 Rfe8 20. Rb2 Rb6 21. Rxb6 axb6 22. Rb1 Rb8 23. a4 Qd6 24. Qb2 Bd7 25. Qb4 Qc6 26. Rb2 Kg7 27. h4 h5 28. Bg2 Rb7 29. Qb5 Qd6 30. Qb4 Qc6 31. Rb1 Rb8 32. Ra1 Ra8 33. Rb1 Ra6 34. Bf3 Be6 35. Qe7 Qc8 36. Rb5 Qc6 37. Qd8 Rxa4 38. Rxb6 Ra8 39. Qxf6+ 1-0

[Event "Satty Zhuldyz Blitz 2023"]
[Site "Astana KAZ"]
[Date "2023.04.25"]
[Round "18.6"]
[White "Grischuk, A."]
[Black "Hou Yifan"]
[Result "1-0"]
[WhiteElo "2745"]
[BlackElo "2628"]
[PlyCount "81"]
[EventDate "2023.04.24"]
[EventType "blitz"]

1. Nf3 d5 2. g3 Nf6 3. Bg2 c5 4. O-O h6 5. d3 Nc6 6. e4 ({RR} 6. Nc3 e6 7. e4 Be7 8. Bf4 O-O 9. Ne5 Nxe5 10. Bxe5 d4 11. Nb5 a6 12. Na3 b5 13. Bxf6 gxf6 14. Qh5 Kg7 15. e5 Rb8 16. exf6+ Bxf6 17. Qg4+ Kh8 18. Qf4 Bb7 19. Qxh6+ Kg8 20. Bxb7 Rxb7 {Bjerre,J (2636)-Nguyen,D (2021) chess.com INT 2025 1-0 (38)}) 6... dxe4 7. dxe4 Qxd1 8. Rxd1 Nxe4 $146 ({RR} 8... Bg4 9. Be3 Nxe4 10. h3 Bf5 11. Na3 e6 12. g4 Bh7 13. Nd2 Nxd2 14. Rxd2 Be7 15. Rad1 Rd8 16. Bxc6+ bxc6 17. Rxd8+ Bxd8 18. Bxc5 Be7 19. Bxe7 Kxe7 20. Rd4 Rb8 21. b3 e5 22. Ra4 Rb7 23. Kf1 {Amin,B (2673)-Forcen Esteban,D (2548) Chess.com INT 2020 1-0 (71)}) 9. Na3 Nd6 10. Be3 c4 11. Bf4 Be6 12. Nd4 Nxd4 13. Rxd4 O-O-O 14. Rad1 g5 15. Be5 f6 16. Bxd6 Rxd6 17. Rxd6 exd6 18. Bd5 Bxd5 19. Rxd5 Be7 20. Nxc4 Kd7 21. Ne3 Rc8 22. c4 Rc5 23. Kg2 h5 24. Kf3 Ke6 25. Ke4 Bd8 26. Rxc5 dxc5 27. h3 Ba5 28. f4 Be1 29. f5+ Kd6 30. g4 hxg4 31. Nxg4 Ke7 32. Kd5 b6 33. Kc6 Bd2 34. Kb7 Kd6 35. Kxa7 Ba5 36. Ka6 Ke7 37. Kb5 Kd6 38. b3 Ke7 39. a3 Bc3 40. Kxb6 Kd6 41. a4 1-0

[Event "Satty Zhuldyz Blitz 2023"]
[Site "Astana KAZ"]
[Date "2023.04.25"]
[Round "22.4"]
[White "Keymer, Vincent"]
[Black "Hou Yifan"]
[Result "1-0"]
[WhiteElo "2700"]
[BlackElo "2628"]
[PlyCount "121"]
[EventDate "2023.04.24"]
[EventType "blitz"]

1. Nf3 c5 2. c4 b6 3. g3 Bb7 4. Bg2 Nf6 5. O-O e6 6. d4 cxd4 7. Qxd4 Be7 8. Nc3 d6 9. Rd1 a6 10. Bg5 Nbd7 11. Qd2 O-O 12. Bf4 Ne8 13. Rac1 Rc8 14. b3 h6 ({RR} 14... Nc5 15. Ng5 Bxg2 16. Kxg2 Qc7 17. f3 Rd8 18. Nge4 Qb7 19. Bg5 f6 20. Bf4 f5 21. Nf2 h6 22. Qc2 Rf7 23. e4 fxe4 24. Ncxe4 g5 25. Be3 Ng7 26. Re1 Rdf8 27. Nd2 h5 28. Kg1 Nd7 29. Bd4 {Jakovenko,D (2709)-Gashimov,V (2717) Poikovsky 2008 ½-½ (31)}) 15. e4 ({RR} 15. h4 Qc7 16. g4 Bxf3 17. Bxf3 Ne5 18. g5 Nxf3+ 19. exf3 h5 20. Ne4 Qb7 21. Qd3 b5 22. Ng3 bxc4 23. Rxc4 g6 24. Rxc8 Qxc8 25. Bc1 e5 26. f4 Ng7 27. fxe5 dxe5 28. Bb2 Rd8 29. Qe2 Rxd1+ {Mica,M (2333)-Ftacnik,L (2444) Czech Republic CZE 2025 ½-½ (41)}) ({RR} 15. Ne1 Bxg2 16. Kxg2 Qc7 17. f3 Qb7 18. Ne4 Ndf6 19. Nxf6+ Nxf6 20. e4 Rfd8 21. a4 g5 22. Be3 d5 23. cxd5 Rxc1 24. Qxc1 exd5 25. e5 Nd7 26. Nd3 Nc5 27. Bxc5 bxc5 28. Qc2 g4 29. Rf1 d4 {Keymer,V (2675)-Stocek,J (2541) Prague 2022 ½-½ (66)}) 15... Qc7 16. h3 $146 ({RR} 16. h4 Ne5 17. Qe2 Nf6 18. Nh2 Rfe8 19. Be3 h5 20. Bd4 Ned7 21. f4 e5 22. Be3 exf4 23. gxf4 Bd8 24. Nd5 Qb8 25. Qd3 b5 26. Nxf6+ Nxf6 27. cxb5 Rxc1 28. Rxc1 Bxe4 29. Bxe4 Nxe4 30. bxa6 Bb6 {Krishna Teja,N (2364)-Aroshidze,L (2517) Barcelona 2019 1-0 (44)}) 16... Ne5 17. Nxe5 dxe5 18. Be3 Nf6 19. Qe2 Bc6 20. Nd5 exd5 21. cxd5 Bb5 22. Rxc7 Bxe2 23. Rdc1 Rxc7 24. Rxc7 Bd8 25. Rb7 a5 26. f3 Ba6 27. Ra7 Bb5 28. Kf2 Re8 29. h4 Bd7 30. Bf1 b5 31. g4 g5 32. hxg5 hxg5 33. Rb7 Bc8 34. Rxb5 Ba6 35. Rb8 Bxf1 36. Kxf1 Be7 37. Rb5 Bb4 38. Bxg5 Kg7 39. Rb6 Nd7 40. Bh6+ Kh7 41. Rc6 Rb8 42. Be3 Rb7 43. Ke2 Kg7 44. Kd3 Kf8 45. Bg5 Kg7 46. Kc4 f6 47. Bc1 Kf7 48. a3 Be1 49. Be3 Ke7 50. Ra6 Rc7+ 51. Rc6 Rb7 52. g5 Bh4 53. gxf6+ Bxf6 54. Bd2 Ra7 55. a4 Bh4 56. b4 axb4 57. Bxb4+ Kd8 58. a5 Be7 59. Bc3 Rc7 60. a6 Nb8 61. Rxc7 1-0

[Event "Titled Tue 25th Apr Early"]
[Site "chess.com INT"]
[Date "2023.04.25"]
[Round "4"]
[White "Nakamura, Hi"]
[Black "Mitrabha, G."]
[Result "1-0"]
[WhiteElo "2775"]
[BlackElo "2510"]
[PlyCount "87"]
[EventDate "2023.04.25"]

1. Nf3 Nf6 2. e3 d5 3. c4 c6 4. b3 g6 5. Bb2 Bg7 6. d4 O-O 7. Bd3 Bg4 8. Nbd2 Nbd7 ({RR} 8... e6 9. h3 Bf5 10. Be2 Nbd7 11. O-O h6 12. Nh4 Ne4 13. Nxf5 exf5 14. Nxe4 dxe4 15. b4 Re8 16. Qb3 Qg5 17. g3 h5 18. h4 Qe7 19. Kg2 a5 20. a3 Nf6 21. Rad1 Ng4 22. c5 axb4 23. axb4 {Nakamura,H (2804)-Bacrot,E (2633) chess.com INT 2025 1-0 (40)}) 9. h3 Bxf3 10. Nxf3 Qa5+ $146 ({RR} 10... e6 11. O-O a5 12. Qc2 Qe7 13. a3 Rfd8 14. Rfd1 Ne8 15. Bf1 Nd6 16. Rac1 a4 17. b4 Nxc4 18. Bxc4 dxc4 19. Qxc4 Nb6 20. Qe2 Rd7 21. e4 Rad8 22. e5 Bh6 23. Rb1 Nd5 24. Qc2 Ra8 25. Bc1 {Nakamura,H (2736)-Vrolijk,L (2502) Chess.com INT 2020 1-0 (44)}) ({RR} 10... e6 11. O-O a5 12. a3 Ne4 13. b4 axb4 14. axb4 Qc7 15. Qc2 Nd6 16. cxd5 exd5 17. b5 c5 18. dxc5 Qxc5 19. Qb3 Bxb2 20. Qxb2 Nc4 21. Qb3 Rfc8 22. Be2 Nde5 23. Nxe5 Nxe5 24. Rad1 Nc4 25. Bf3 {Nakamura,H (2736)-Van Foreest,J (2702) Chess.com INT 2022 ½-½ (113)}) 11. Ke2 Rfe8 12. Qc2 Nh5 13. g4 Nhf6 14. Rac1 Qd8 15. b4 dxc4 16. Bxc4 Nd5 17. Qb3 e6 18. b5 a6 19. bxc6 bxc6 20. Ba1 Qa5 21. Rhd1 Rab8 22. Qc2 Rec8 23. Qd2 Qa3 24. Qd3 Qa5 25. Qd2 Qa3 26. Bb3 Qd6 27. Kf1 N7f6 28. Ne5 h5 29. Kg2 hxg4 30. hxg4 Nd7 31. e4 N5f6 32. f3 Ne8 33. Nc4 Qe7 34. Bb2 c5 35. Ba3 Qf6 36. e5 Qe7 37. d5 exd5 38. Qxd5 Nxe5 39. Nxe5 Bxe5 40. Re1 Rd8 41. Qxe5 Rd2+ 42. Kg3 Qa7 43. Bxc5 Qb7 44. Bd4 1-0

[Event "Titled Tue 25th Apr Early"]
[Site "chess.com INT"]
[Date "2023.04.25"]
[Round "5"]
[White "Lenderman, A."]
[Black "Kucuksari, Kaan"]
[Result "1-0"]
[WhiteElo "2572"]
[BlackElo "2500"]
[PlyCount "93"]
[EventDate "2023.04.25"]

1. Nf3 Nf6 2. b3 g6 3. Bb2 Bg7 4. g3 O-O 5. Bg2 c5 6. c4 Nc6 7. O-O d6 8. d4 Ne4 9. Nbd2 Bf5 10. Nh4 Nxd2 11. Qxd2 Nxd4 12. Bxd4 ({RR} 12. Nxf5 Nxf5 13. Bxg7 Nxg7 14. Bxb7 Rb8 15. Bf3 a5 16. Qc3 Qc7 17. h4 h5 18. e3 a4 19. Rfb1 Qa7 20. Bc6 a3 21. Rd1 Qb6 22. Bf3 Ne8 23. Rd2 Nf6 24. Rad1 Qb4 25. Qa1 Rfd8 26. Kg2 Kg7 {Kasimdzhanov,R (2690)-Mamedyarov,S (2752) Moscow 2007 0-1 (51)}) 12... Bxd4 ({RR} 12... cxd4 13. Nxf5 gxf5 14. Bxb7 Rb8 15. Bf3 e6 16. Rad1 d5 17. cxd5 e5 18. e4 fxe4 19. Bxe4 f5 20. Bd3 e4 21. Bc4 Qd6 22. Qe2 Kh8 23. f3 d3 24. Qe3 Qb6 25. Qxb6 axb6 26. d6 Bc3 27. Bb5 {Mohamed,A (2354)-Ansat,A (2474) Tashkent UZB 2025 ½-½ (38)}) 13. Nxf5 gxf5 14. Rad1 Rb8 $146 ({RR} 14... Qd7 15. e3 Bf6 16. Qd5 Rad8 17. Qf3 Bg7 18. Qh5 e6 19. Rfe1 Rfe8 20. h3 h6 21. g4 fxg4 22. hxg4 b5 23. g5 hxg5 24. Qxg5 bxc4 25. bxc4 Qa4 26. Kh1 Qc2 27. Bc6 Qh7+ 28. Kg2 Rf8 29. Kf3 {Kurajica,B (2524)-Orak,L (2308) Bol 2011 ½-½ (48)}) 15. Qg5+ Kh8 16. Qxf5 e6 17. Qd3 Qa5 18. e3 Be5 19. f4 Bg7 20. Qxd6 Qxa2 21. Rd3 b5 22. cxb5 Rxb5 23. f5 exf5 24. Bd5 Qc2 25. Bc4 Rb6 26. Qxc5 Rh6 27. Rf2 Qc1+ 28. Kg2 Rg6 29. Rd5 f4 30. exf4 Re8 31. Rd7 Bf8 32. Qd4+ Bg7 33. Qd5 Rf6 34. Re7 Rf8 35. Rfe2 Qc3 36. Re8 Qb4 37. Qd8 Rb6 38. Rxf8+ Bxf8 39. Re8 Kg7 40. Qd4+ Kg8 41. Qd5 Rf6 42. Qg5+ Rg6 43. Qf5 Rg7 44. Qd5 Qa3 45. h4 Qb2+ 46. Kh3 Qf6 47. h5 1-0

[Event "Titled Tue 25th Apr Early"]
[Site "chess.com INT"]
[Date "2023.04.25"]
[Round "7"]
[White "Janik, Igor"]
[Black "Kucuksari, Kaan"]
[Result "1-0"]
[WhiteElo "2552"]
[BlackElo "2500"]
[PlyCount "87"]
[EventDate "2023.04.25"]

1. Nf3 Nf6 2. b3 g6 3. Bb2 Bg7 4. c4 O-O 5. g3 d6 6. Bg2 e5 7. O-O Nbd7 8. d4 e4 9. Ne1 ({RR} 9. Nfd2 Qe7 10. e3 c5 11. Re1 Nb6 12. Nc3 Bf5 13. f3 exf3 14. Bxf3 Rae8 15. e4 Bh3 16. e5 Nfd7 17. a4 cxd4 18. Nb5 Nxe5 19. a5 Nbd7 20. Bg2 Bxg2 21. Kxg2 d3 22. Nxa7 Nc5 23. Nb5 Qd7 {Koneru,H (2581)-Harika,D (2505) Beijing 2014 ½-½ (43)}) ({RR} 9. Ng5 Re8 10. Nc3 e3 11. f3 c6 12. Rb1 h6 13. Nge4 Nh5 14. d5 cxd5 15. Nxd5 Nc5 16. Bxg7 Nxg7 17. Nef6+ Kf8 18. Nxe8 Kxe8 19. Qd4 Nf5 20. Qc3 Be6 21. Nxe3 Qg5 22. f4 Qd8 23. Nd5 Kd7 {Eichab,C (2013)-Schwarz,B (1875) Kazan RUS 2024 1-0 (36)}) 9... c6 10. Ba3 $146 ({RR} 10. Nc3 Re8 11. Nc2 h5 12. Qd2 Nf8 13. d5 c5 14. Qf4 Qe7 15. Rab1 Bd7 16. a3 a6 17. Rfd1 Rac8 18. h3 N8h7 19. h4 Qf8 20. Bc1 b5 21. f3 exf3 22. exf3 Ng4 23. Ne4 Ne5 24. cxb5 axb5 {Jordan,J (1849)-Salov,S (2299) Oldenburg 2000 0-1 (39)}) 10... Qc7 11. Nc3 Re8 12. Nc2 d5 13. Ne3 Nb6 14. Rc1 Qd8 15. cxd5 Nfxd5 16. Nexd5 Nxd5 17. Nxe4 Qa5 18. Nd6 Qxa3 19. Nxe8 Nb6 20. Nxg7 Kxg7 21. Qd2 Be6 22. e4 Rd8 23. Rfd1 Bg4 24. f3 Be6 25. Rc2 Qe7 26. Qc3 Kg8 27. Rcd2 h5 28. Qc5 Qf6 29. h4 Nd7 30. Qg5 Kg7 31. Qxf6+ Nxf6 32. Kf2 a5 33. Ke3 a4 34. bxa4 Ra8 35. Rb1 Rxa4 36. Rxb7 Bxa2 37. Bf1 Ra3+ 38. Rd3 Ra5 39. Rc3 Be6 40. Rxc6 Ra3+ 41. Kf2 Bd7 42. Rxf6 Ra2+ 43. Ke3 Ra3+ 44. Kf4 1-0

[Event "Titled Tue 25th Apr Early"]
[Site "chess.com INT"]
[Date "2023.04.25"]
[Round "7"]
[White "Nakamura, Hi"]
[Black "Hakobyan, Aram"]
[Result "1-0"]
[WhiteElo "2775"]
[BlackElo "2608"]
[PlyCount "73"]
[EventDate "2023.04.25"]

1. Nf3 g6 2. e4 Bg7 3. d4 Nf6 4. e5 Ne4 5. Bd3 d5 6. O-O ({RR} 6. exd6 Nxd6 7. h3 O-O 8. O-O Nc6 9. c3 e5 10. dxe5 Nxe5 11. Nxe5 Bxe5 12. Nd2 Bf5 13. Nf3 Bg7 14. Bf4 Re8 15. Bxd6 Bxd3 16. Qxd3 Re6 17. Rfe1 Rxd6 18. Qc4 a5 19. Re2 Bf6 20. Rae1 Kg7 {Grischuk,A (2745)-Hakobyan,A (2608) chess.com INT 2023 1-0 (108)}) 6... O-O ({RR} 6... c5 7. c4 cxd4 8. cxd5 Qxd5 9. Qc2 Nc5 10. Bc4 d3 11. Qc3 Qc6 12. Be3 Nbd7 13. Nbd2 O-O 14. Rac1 a5 15. Rfe1 e6 16. Bd4 b6 17. Bxd3 Bb7 18. Be4 Nxe4 19. Qxc6 Bxc6 20. Rxc6 Nxd2 21. Nxd2 {Deac,B (2683)-Hakobyan,A (2617) chess.com INT 2024 1-0 (61)}) 7. Re1 $146 ({RR} 7. Ne1 h6 8. h4 f6 9. f3 Ng3 10. exf6 exf6 11. Bxg6 Nxf1 12. Kxf1 f5 13. g3 Qf6 14. h5 Qxd4 15. Qxd4 Bxd4 16. Nd3 Kg7 17. c3 Bf6 18. Bf4 c6 19. Na3 b6 20. Kf2 Nd7 21. Nc2 Nc5 {Weyh,T-Kotlar,A Ruhrgebiet 1998 0-1 (67)}) 7... Bf5 8. Nh4 e6 9. Nxf5 exf5 10. c4 Nc6 11. f3 Nxd4 12. cxd5 Nc5 13. Bc4 Qh4 14. f4 Ne4 15. g3 Nxg3 16. Qxd4 Ne4 17. Re2 Ng5 18. Qe3 Bxe5 19. Qg3 Nh3+ 20. Kf1 Qxg3 21. hxg3 Bd4 22. Kg2 Ng1 23. Rd2 Bb6 24. Nc3 Rfe8 25. Rd1 Re7 26. Bd2 Rae8 27. Rxg1 Bxg1 28. Kxg1 a6 29. a4 Kg7 30. Kf2 f6 31. Re1 h5 32. Rxe7+ Rxe7 33. b4 Re8 34. a5 Rd8 35. Na4 c6 36. Nc5 cxd5 37. Ne6+ 1-0